00856nam a2200205 4500001000700000003000900007005001700016007000300033008004100036100002500077245021800102260003900320300004100359700002900400700002600429700002500455852003100480999001900511952012000530120404ES-MaACL20230906191537.0t|070214s1945 ag r ||||1| spa d1 aPohl, John F.99274113aEl concepto de Kenny de la parálisis infantil y su tratamiento /cJohn F. Pohl ; en colaboración con la hermana Elizabeth Kenny ; prólogo de Frank R. Ober ; traducción directa del inglés por Clovis Bone. aBuenos Aires : bHachette, c1945. a311 p., 16 lám. : bil. ; c24 cm.1 aKenny, Elizabeth.9678581 aOber, Frank R.9863811 aBone, Clovis.930096 aES-MaACLjC-4741 bR.25234 c120404d120404 00104070aATENEOMbATENEOMcSPALd2008-01-17eSCl0oC-4741p1125499r2023-02-23 00:00:00w2023-02-23yMONOGRAFIA